00470nam a22001457a 450000500170000000800410001705000250005810000460008324500770012925000110020626000340021730000260025149000130027765000340029020200114124820.0191008b mx ||||| |||| 00| 0 spa d04aK230.R4152bF55 19411 aRecasens SIchez, Luis,d1903-1977,eautor13aLa filosofía del derecho en el siglo XXb: VIc/ Luis Recasens Siches. a1a ed. aMorelia :bEl Nacional,c1942 aviii, 141 p. c20 cm.0 aSiglo XX 72lembaFilosofía del derecho